Islands in the Detroit River - Statistics

General Stats
  • This quiz has been taken 10 times
  • The average score is 6 of 28
Answer Stats
Area Island % Correct
3.97 km² Belle Isle
67%
23.3 km² Grosse Ile
33%
86 acres Peche Island
33%
272 acres Bois Blanc Island
17%
7 acres Calf Island
17%
81 acres Celeron Island
17%
92 acres Crystal Island
17%
35 acres Edmond Island
17%
224 acres Elba Island
17%
162 acres Elizabeth Park
17%
6.06 km² Fighting Island
17%
1.6 acres Fox Island
17%
47 acres Grass Island
17%
72 acres Grassy Island
17%
132 acres Hickory Island
17%
38 acres Horse Island
17%
32 acres Humbug Island
17%
30 acres Mamajuda Island
17%
121 acres Meso Island
17%
18.5 acres Mud Island
17%
0.2 acres Powder House Island
17%
172 acres Round Island
17%
100 acres Stony Island
17%
9 acres Sturgeons Bar
17%
30 acres Sugar Island
17%
58 acres Swan Island
17%
39 acres Turkey Island
17%
2.4 km² Zug Island
17%
No matching quizzes found
Score Distribution
Percent of People with Each Score
Percentile by Number Answered
Your Score History
You have not taken this quiz